Oslo Trivia Quiz - Statistics

General Stats
  • This quiz has been taken 264 times
  • The average score is 10 of 20
Answer Stats
Question Answer % Correct
Artist who painted The Scream Edvard Munch
96%
This Nobel prize is awarded in Oslo Peace Prize
92%
Between 1624-1924, Oslo was known by this name Christiania
84%
Oslo lies on the shores of this body of water ... Oslofjord
74%
Name for the Norwegian parliament Stortinget
71%
Name any of the counties surrounding Oslo Oppland, Akershus, Buskerud
70%
Fortress built in the 1300s Akershus Fortress
66%
Norwegian term for county, of which Oslo is one Fylke
65%
Famous playwriter and theatre director active in Oslo Henrik Ibsen
49%
Former major airport closed in 1998 Fornebu
46%
Name of the German heavy cruiser sank outside Oslo in 1940 Blücher
43%
Largest ethnic minority group comes from this country Pakistan
43%
... which is an inlet of this body of water Skagerrak
33%
Open-air museum containing traditional buildings from all over Norway Folkemuseet
26%
Name any of the two 1879 co-founders of the capital's Musicians Society Edvard Grieg, Johan Svendsen
24%
Patron saint of Oslo St Halvard
21%
First face-to-face agreement between Israel and Palestine Oslo {Accords}
17%
Danish king who rebuilt the city after the fire in 1624 Christian IV
16%
Large family owned shipping company founded by Petter Olsen Fred Olsen
9%
Octagonal church that is Oslo's largest church Trinity Church
6%
No matching quizzes found
Score Distribution
Percent of People with Each Score
Percentile by Number Answered
Your Score History
You have not taken this quiz